Paavo Nurmi - Statistics

Yleistilastot
  • Tätä visaa on pelattu 20 kertaa
  • Keskiarvotulos 6 / 11
Vastaustilastot
Kysymys Vastaus % Oikein
Laji? Kestävyysjuoksu
94%
Synnyinkaupunki? Turku
89%
Montako olympiakultaa? 9
83%
Missä setelissä Nurmen kuva oli? 10 markkaa
72%
Kuolinkaupunki? Helsinki
72%
Montako maailmanennätystä? 22
56%
Lempinimi? Lentävä suomalainen
50%
Missä kaupungissa voitti 5 olympiakultaa? Pariisi
44%
Urheiluseura? Turun Urheiluliitto
39%
Ensimmäiset olympialaiset (3 kultaa)? Antwerpen 1920
28%
Nurmen taloudellinen neuvonantaja? Risto Ryti
6%
Ehtoja vastaavia visoja ei löytynyt
Tulosjakauma
Jokaisen tuloksen saaneiden osuus
Persentiili vastausten määrän mukaan
Tuloshistoriasi
Et ole pelannut tätä visaa